| 000 | 00614nam a2200193Ia 4500 | ||
|---|---|---|---|
| 003 | GCL | ||
| 008 | 140319s9999 xx 000 0 ara d | ||
| 040 |
_aGCL / _cGCL |
||
| 082 | 0 | 4 |
_a953.082 _bم م |
| 100 | 1 | _aمحمد ضاهر وتر | |
| 245 | 1 | 0 |
_aمعركة عين جالوت 658هـ - 1260م دراسة فى الجيشين المملوكى والمغولى / _cمحمد ضاهر وتر |
| 300 | _a461 | ||
| 490 |
_a100 قصة _v0 |
||
| 650 | 0 | 4 | _aدولة المماليك |
| 650 | 0 | 4 | _aالتاريخ الحربى |
| 650 | 0 | 4 | _aالمغول |
| 650 | 0 | 4 | _aمعركة عين جالوت |
| 942 |
_2ddc _cBK |
||
| 999 |
_c44152 _d44152 |
||